The top 25 best power forwards of all time NBA - Statistics

General Stats
  • This quiz has been taken 108 times
    38 since last reset
  • The average score is 14 of 25
Answer Stats
Team player % Correct
Mavericks Dirk Nowitzki
100%
Spurs Tim Duncan
100%
Bucks Giannis Antetokounmpo
96%
Jazz Karl Malone
96%
Thunder Kevin Durant
92%
Celtics Kevin Garnett
84%
Celtics Kevin McHale
76%
SuperSonics Shawn Kemp
76%
Suns Charles Barkley
72%
Bulls Dennis Rodman
72%
Kings Chris Webber
64%
Bullets Elvin Hayes
64%
Raptors Chris Bosh
52%
Trailblazers LMarcus Aldridge
48%
Mavericks Anthony Davis
40%
Lakers Pau Gasol
40%
Suns Amar’e Stoudemire
36%
bulls Horace Grant
36%
Pacers Jermaine O'Neal
36%
Nets Buck Williams
28%
Supersonics Tom Chambers
28%
Trailblazers Maurice Lucas
16%
Knicks Rasheed Wallace
16%
Rockets Otis Thorpe
12%
Hawks Paul Millsap
12%
No matching quizzes found
Score Distribution
Percent of People with Each Score
Percentile by Number Answered
Your Score History
You have not taken this quiz since the last reset